Chomsky: avasallar al mundo, la meta de E.U.: explota Bush el miedo y el patriotismo /
Gardado en:
| Autor Principal: | |
|---|---|
| Formato: | Texto |
| Materias: | |
| Etiquetas: |
Engadir etiqueta
Sen Etiquetas, Sexa o primeiro en etiquetar este rexistro!
|
MARC
| LEADER | 00000 a a2200000 04500 | ||
|---|---|---|---|
| 001 | 3741 | ||
| 003 | |||
| 040 | |||
| 100 | |a Chomsky, Noam | ||
| 245 | |a Chomsky: avasallar al mundo, la meta de E.U.: |b explota Bush el miedo y el patriotismo / |c Noam Chomsky | ||
| 500 | |a Tomado de: La Jornada, México, septiembre 6 de 2002 | ||
| 650 | |a TERRORISMO | ||
| 650 | |a ESTADO | ||
| 650 | |a IMPERIALISMO | ||
| 650 | |a ESTADOS UNIDOS | ||
| 773 | |g número 187; páginas 37-46 | ||
| 999 | |c 20798 |d 20798 | ||
